| 000 | 00840nam a2200229Ia 4500 | ||
|---|---|---|---|
| 003 | OSt | ||
| 005 | 20210525172022.0 | ||
| 008 | 210310s2010 s ado gr 000 0 spa d | ||
| 020 | _a9789223230500 | ||
| 040 |
_aCO-JMCR _cCO-JMCR |
||
| 041 | 0 | _aspa | |
| 082 | 0 | 4 |
_a331.11 / _bO231p _223 |
| 110 | 2 |
_aOficina Internacional del Trabajo _94401 |
|
| 245 | 1 | 0 |
_aProtección de los trabajadores pobres : _bInforme anual 2009 / _cOficina Internacional del Trabajo |
| 250 | _aPrimera edición | ||
| 260 |
_aGinebra : _bOrganización Internacional del Trabajo, _c2010. |
||
| 300 |
_a56 páginas : _bilustraciones, gráficas y fotografías a color ; _c24 cm. |
||
| 505 | 0 | _aEl fondo de la innovación en microseguros. | |
| 650 | 1 | 4 |
_aInnovación en microseguros _937882 |
| 650 | 2 | 4 |
_aProtección de los trabajadores _937883 |
| 942 |
_2ddc _cBK |
||
| 999 |
_c11791 _d11791 |
||